Statistics for Geography of Lakes

Click here to take the quiz!

General Stats

  • This quiz has been taken 31 times
    (26 since last reset)
  • The average score is 6 of 15

Answer Stats

HintAnswer% Correct
Biggest in UtahGreat Salt Lake
89%
Biggest in RussiaLake Baikal
74%
Biggest Lake entirely within the USLake Michigan
74%
Biggest great LakeLake Superior
68%
Biggest in CanadaGreat Bear Lake
63%
Biggest lake in VenezuelaLake Maracaibo
42%
Largest lake entirely within one canadian provinceLake Winnipeg
37%
Largest in the saharaLake Chad
32%
Largest in European RussiaLake Ladoga
32%
Biggest in CambodiaTonle Sap
21%
Largest on the British IslesLough Neagh
11%
Largest in MexicoLake Chapala
5%
Biggest on Baffin IslandLake Nettiling
5%
Drying out in BoliviaLake Poopo
5%
Largest in SwedenVanern
5%

Score Distribution

Percentile by Number Answered

Percent of People with Each Score

Your Score History

You have not taken this quiz since the last reset